000 00537nam a2200169 a 4500
001 BRCA_440
005 20190320203018.0
008 050905s1995----mx-a---###---#000-0#spa-#
020 _a9709138308
050 4 _aNK4370
_b.B67 1995
100 1 _aBorobia Irazábal, Rocío
_91507
245 1 0 _aUn arte sin límites
_btécnicas para decoración en porcelana
_cRocío Borobia.
260 _aMéxico
_bRocío Borobia Irazábal
_c1995
300 _a189 p.
_bil. a color
_c25 cm.
650 1 4 _aPorcelana
_vTécnicas
_xDecoración
_91508
942 _2lcc
_cB
999 _c375
_d375